000 00796nam a22002417a 4500
001 BR7600406
003 BR-BrBNA
005 20230928084859.0
007 ta
008 230509b bl.||||| |||| 00| 0 por d
040 _aBR-BrBNA
_bpor
_cBiblioteca Nacional de Agricultura
041 _a(Por)
072 _aL00; E70
_b/G514
090 _ L00 BR7600406
110 1 _aEscola Interamericana de Administracao Publica, Rio de Janeiro, RJ (Brasil)
_94314
245 1 _aBibliografia sobre desenvolvimento agropecuario, 1 - Producao animal [Brasil]
_bPrograma Regional de Treinamento em Desenvolvimento agricola
260 3 _aRio de Janeiro, RJ (Brasil):
_c1975.
300 _a79 p.
650 _aProducao animal
650 _aBibliografia
909 _a202309
_bLucia
_c55
_dLucia Elande
942 _cBK
999 _c21648
_d21648